000 00894cab a2200265 4500
001 ABS46675
008 090401t1992 xxu||||| |||| 00| 0 eng d
035 _a(Sirsi) u59124
041 _aeng
100 _aBerry, J.N.
245 _aUrban Development Grant : funding the commercial revitalisation of Belfast
260 _c1992
350 _a0
490 _aJournal of Property Finance
_v3(1) Summer 1992, 59-65(7)
520 _aConsiders the application of the Urban Development Grant in the central core of Belfast and to evaluate its contribution in stimulating th e commercial property market. References.
650 _aPROPERTY-COMMERCIAL PROPERTY
650 _aINNER CITIES
650 _aNORTHERN IRELAND
650 _aURBAN DEVELOPMENT GRANT
650 _aURBAN REGENERATION
690 _aURBAN RENEWAL
700 _aMcGreal, W.S.
942 _n0
948 _c04/03/1997
999 _c36227
_d36227